Statistics for Countries Polo G has Visited

Click here to take the quiz!

General Stats

  • This quiz has been taken 37 times
    (9 since last reset)
  • The average score is 9 of 13

Answer Stats

ContinentAnswer% Correct
OceaniaAustralia
100%
North AmericaCanada
100%
EuropeUnited Kingdom
100%
North AmericaUnited States of America
100%
EuropeGermany
78%
EuropeSpain
78%
EuropeSweden
67%
EuropeIreland
56%
EuropeNetherlands
56%
EuropeNorway
56%
EuropeDenmark
44%
AsiaUnited Arab Emirates
44%
EuropeBelgium
33%

Score Distribution

Percentile by Number Answered

Percent of People with Each Score

Your Score History

You have not taken this quiz since the last reset